000 00728nam a22002657a 4500
001 6303
003 FISKH
005 20250409145403.0
008 250409b cb ||||| |||| 00| 0 eng d
020 _a9780736402170
040 _aFISKH
_beng
_cFISKH
_dFISKH
050 _aPZ7
082 _a813
100 _aMilne, A. A.
245 _aDisney :
_bWhere os christopher Robin?
260 _aLondon :
_bDisney Enterprise,
_c2000.
300 _a8 unnumbered pages :
_bcolor illustrations ;
_c20 cm
505 _aE
520 _aWinnie the Pooh's school days.
521 8 _a180
_bLexile estimate
521 8 _aE
_bRaz-Plus
650 _aBoard book
_vChildren's literature
942 _2ddc
_cBK
_n0
999 _c6303
_d6303